Introducción a las hormigas de la región Neotropical (Registro nro. 3726)

Detalles MARC
000 -CABECERA
Campo de control 00856nam a2200301 a 4500
005 - FECHA Y HORA DE LA ULTIMA TRANSACCION
Campo de control 20191224041712.0
008 - ELEMENTOS DE LONGITUD FIJA—INFORMACION GENERAL
Campo de control 140122b2003 ck ||||| |||| 00| 0 spa d
041 ## - IDIOMA
Código de idioma para texto/pista de sonido o título separado Español
044 ## - PAÍS DE PUBLICACIÓN
País de publicación Colombia
090 ## - CLASIFICACIÓN LOCAL
Colección IAVH
Consecutivo 00256
245 ## - MENCION DE TITULO
Título Introducción a las hormigas de la región Neotropical
260 ## - PUBLICACION, DISTRIBUCION, ETC. (PIE DE IMPRENTA)
Lugar de publicación, distribución, etc. Bogotá
Nombre del editor, distribuidor, etc. Instituto Alexander von Humboldt
Fecha de publicación, distribución, etc. 2003
300 ## - DESCRIPCION FISICA
Extensión 398 p.
650 ## - ASIENTO SECUNDARIO DE MATERIA - TERMINO TEMATICO
Término temático o nombre geográfico como elemento de entrada Fauna
650 ## - ASIENTO SECUNDARIO DE MATERIA - TERMINO TEMATICO
Término temático o nombre geográfico como elemento de entrada Insectos
650 ## - ASIENTO SECUNDARIO DE MATERIA - TERMINO TEMATICO
Término temático o nombre geográfico como elemento de entrada Hormigas
650 ## - ASIENTO SECUNDARIO DE MATERIA - TERMINO TEMATICO
Término temático o nombre geográfico como elemento de entrada Himenópteros
650 ## - ASIENTO SECUNDARIO DE MATERIA - TERMINO TEMATICO
Término temático o nombre geográfico como elemento de entrada Mirmecología
650 ## - ASIENTO SECUNDARIO DE MATERIA - TERMINO TEMATICO
Término temático o nombre geográfico como elemento de entrada Especies indicadoras
650 ## - ASIENTO SECUNDARIO DE MATERIA - TERMINO TEMATICO
Término temático o nombre geográfico como elemento de entrada Taxonomía
650 ## - ASIENTO SECUNDARIO DE MATERIA - TERMINO TEMATICO
Término temático o nombre geográfico como elemento de entrada Claves taxonómicas
650 ## - ASIENTO SECUNDARIO DE MATERIA - TERMINO TEMATICO
Término temático o nombre geográfico como elemento de entrada Filogenia
650 ## - ASIENTO SECUNDARIO DE MATERIA - TERMINO TEMATICO
Término temático o nombre geográfico como elemento de entrada Comportamiento animal
650 ## - ASIENTO SECUNDARIO DE MATERIA - TERMINO TEMATICO
Término temático o nombre geográfico como elemento de entrada Región neotropical
700 ## - ASIENTO SECUNDARIO - NOMBRE PERSONAL
Nombre personal Fernández, Fernando
942 ## - ELEMENTOS ADICIONALES (KOHA)
Tipo de ítem CD-ROM
Sistema de clasificación Local
Koha issues (borrowed), all copies 2
945 ## - PROCESAMIENTO LOCAL
AAAA-MM-DD - Fecha de ingreso o modificacion 2004-03-04
Existencias
Withdrawn status Lost status Sistema de Clasificación Damaged status No para préstamo Colección Ubicación Permanente Ubicación actual Fecha de adquisición Fuente de Valor Total Checkouts Número topográfico Inventario / Código de Barras Date last seen Ejemplar Price effective from Tipo de material Inventariado Valor Date checked out Forma de adquisición
    Dewey Decimal Classification     Humboldt Bogotá Bogotá 04/03/2004 CID Humboldt 1 IAVH-595.796 F36i 018113 19/08/2014 Ej. 1 04/12/2012 Libro     19/08/2014 Institucional
    Dewey Decimal Classification     Humboldt Bogotá Bogotá 04/03/2004 CID Humboldt   IAVH-595.796 F36i 018114 04/12/2012 Ej. 2 04/12/2012 Libro       Institucional
    Dewey Decimal Classification     Humboldt Bogotá Bogotá 04/03/2004 CID Humboldt   IAVH-595.796 F36i 018115 04/12/2012 Ej. 3 04/12/2012 Libro       Institucional
    Dewey Decimal Classification     Humboldt Sala Fabio Quevedo Sala Fabio Quevedo 18/07/2014 Instituto 1 IAVH-595.796 F36i 018111 04/08/2017 Ej. 4 04/12/2012 Libro Inventariado 2017 30000.00 08/03/2016  
    Local     Referencia Villa de Leyva Villa de Leyva 04/03/2004 CID Humboldt   IAVH-00256 018112 04/12/2012 Ej. 5 04/12/2012 Libro        
    Local     Humboldt Villa de Leyva Villa de Leyva 04/03/2004 CID Humboldt   IAVH-00256 018110 04/12/2012 Ej. 6 04/12/2012 Libro